University Home | Library Home | Institutional Repository

Normal youth and its everyday problems / (Record no. 172219)

MARC details
000 -LEADER
fixed length control field 00765cam0a220024100 4500
001 - CONTROL NUMBER
control field qce01004648
005 - DATE AND TIME OF LATEST TRANSACTION
control field 20190826203107.0
008 - FIXED-LENGTH DATA ELEMENTS--GENERAL INFORMATION
fixed length control field 750623s1932 nyu 000 0 eng
010 ## - LIBRARY OF CONGRESS CONTROL NUMBER
LC control number 32026566
035 ## - SYSTEM CONTROL NUMBER
System control number (Sirsi) r107370
035 ## - SYSTEM CONTROL NUMBER
System control number (QCAT)lss00873142
035 ## - SYSTEM CONTROL NUMBER
System control number (UPRA)qce01004648
040 ## - CATALOGING SOURCE
Modifying agency UPRA
050 0# - LIBRARY OF CONGRESS CALL NUMBER
Classification number HQ796
Item number .T5
082 ## - DEWEY DECIMAL CLASSIFICATION NUMBER
Classification number 136.7
100 1# - MAIN ENTRY--PERSONAL NAME
Personal name Thom, Douglas Armour, 1887-
Dates associated with a name Thom, Douglas Armour, 1887-
Linkage A65213.1
245 10 - TITLE STATEMENT
Title Normal youth and its everyday problems /
Statement of responsibility, etc. by Douglas A. Thom ... with an introduction by William A. Neilson.
260 ## - PUBLICATION, DISTRIBUTION, ETC.
Place of publication, distribution, etc. New York :
Name of publisher, distributor, etc. D. Appleton,
Date of publication, distribution, etc. 1932.
650 #0 - SUBJECT ADDED ENTRY--TOPICAL TERM
Topical term or geographic name entry element Adolescence.
Linkage S2840.1
650 #0 - SUBJECT ADDED ENTRY--TOPICAL TERM
Topical term or geographic name entry element Youth.
Linkage S26013.1
949 ## - LOCAL PROCESSING INFORMATION (OCLC)
a HQ796
w lcc
i -152972
m MAIN
t BOOK
l ON-SHELF

No items available.

© 2026 - The University of Zambia Library - Koha v25.11